| 000 | 00946cam a2200157ua 4500 | ||
|---|---|---|---|
| 041 |
_aeng _h |
||
| 082 |
_a627.846 _bIND/CR |
||
| 110 | 1 |
_aIndian standards institution . _bISI _c() |
|
| 245 |
_aCriteria for hydraulic design of surge tanks, 7396-1985 / _cIndian standards institution. _hTextual Documents |
||
| 250 |
_a1 / _b. |
||
| 260 |
_aNew Delhi : _bIndian standards institution , _c1986. |
||
| 300 | _a21 ; . | ||
| 504 | _a | ||
| 942 | _cBK | ||
| 999 |
_c7120 _d7120 |
||